000 00572nam a2200229Ia 4500
003 OSt
005 20220928111047.0
006 a|||||r|||| 00| 0
007 ta
008 220927b |||||||| |||| 00| 0 san d
024 _a63375
037 _cTextual
040 _aSDCL
_cSDCL
_bsan
041 _2san
_asan
082 _aR66xD70,1, H6
100 _aSachidanand Yogender
_9421355
245 0 _aShrutisarsamudranam
260 _c1946
300 _a56p.
_ccm.
942 _hR66xD70,1, H6
_cTEXL
_2CC
999 _c737642
_d737642